| 000 | 00783nam a2200277 i 4500 | ||
|---|---|---|---|
| 001 | 200462100 | ||
| 003 | TR-AnTOB | ||
| 005 | 20240726142635.0 | ||
| 007 | ta | ||
| 008 | 240726s1991 enka 000 0 eng d | ||
| 035 | _a(TR-AnTOB)200462100 | ||
| 040 |
_aTR-AnTOB _beng _erda _cTR-AnTOB |
||
| 041 | 0 | _aeng | |
| 050 | 4 |
_aK3981 _b.I58 1991 |
|
| 090 |
_aK3981 _b.I58 1991 |
||
| 245 | 0 | 0 | _aInternational energy law |
| 264 | 1 |
_aLonghborough : _bPetroleum Economist, _c1991. |
|
| 300 |
_a32 pages : _billustrations ; _c27 cm |
||
| 336 |
_atext _btxt _2rdacontent |
||
| 337 |
_aunmediated _bn _2rdamedia |
||
| 338 |
_avolume _bnc _2rdacarrier |
||
| 650 | 0 |
_aPower resources _xLaw and legislation _9146611 |
|
| 942 |
_2lcc _cBK |
||
| 999 |
_c200462100 _d80312 |
||